[Event "12. Süder Sommerpokal"]
[Site "Recklinghausen"]
[Date "2001.08.06"]
[Round "3"]
[White "Wachovius, Hans-Werner"]
[Black "Schreck, Roland"]
[Result "0-1"]
[WhiteElo "1824"]
[BlackElo "2109"]
[PlyCount "94"]
[EventDate "2001.??.??"]

1. d4 Nf6 2. Nf3 c5 3. e3 e6 4. Bd3 Nc6 5. c3 a6 6. Nbd2 b5 7. O-O Bb7 8. Qe2
Be7 9. dxc5 Bxc5 10. e4 d5 11. e5 Nd7 12. Nb3 Be7 13. Bf4 g5 14. Bg3 h5 15. h3
Qc7 16. Rfe1 g4 17. hxg4 O-O-O 18. a4 bxa4 19. Rxa4 Qb6 20. Nbd4 Nc5 21. Nxc6
Qxc6 22. Rf4 d4 23. cxd4 Nxd3 24. Qxd3 hxg4 25. Rxg4 Kb8 26. Bf4 Rdg8 27. d5
Qxd5 28. Qxd5 Bxd5 29. Rxg8+ Rxg8 30. Bg3 Rg4 31. Kh2 Rb4 32. Re2 Ra4 33. Kh3
a5 34. Rd2 Bb4 35. Rxd5 exd5 36. e6+ Kc8 37. exf7 Kd7 38. Bh4 Ra2 39. Kg4 Ke6
40. Ng5+ Kf6 41. Kh5 Rxb2 42. Kh6 Bf8+ 43. Kh7 Rb8 44. g4 d4 45. f4 d3 46. f5
d2 47. Nf3+ Kxf7 0-1

[Event "12. Süder Sommerpokal"]
[Site "Recklinghausen"]
[Date "2001.08.06"]
[Round "3"]
[White "Otto, Michael"]
[Black "Ritter, Uwe"]
[Result "1/2-1/2"]
[WhiteElo "1796"]
[BlackElo "2094"]
[PlyCount "102"]
[EventDate "2001.??.??"]

1. e4 c5 2. Nf3 d6 3. d4 cxd4 4. Nxd4 Nf6 5. Nc3 g6 6. Be3 Bg7 7. Qd2 O-O 8. f3
Nc6 9. Be2 d5 10. Nxc6 bxc6 11. e5 Nd7 12. f4 e6 13. Na4 Qe7 14. Qa5 f6 15.
exf6 Bxf6 16. O-O-O e5 17. Bf3 exf4 18. Bxf4 Bxb2+ 19. Nxb2 Rxf4 20. Rxd5 Rb8
21. Re1 Qf6 22. Re8+ Kf7 23. Rxc8 Qxb2+ 24. Kd2 Rd4+ 25. Ke3 cxd5 26. Rxb8 Nxb8
27. Qxa7+ Nd7 28. Qxd4 Qc1+ 29. Qd2 Qg1+ 30. Ke2 d4 31. Qf4+ Kg7 32. h3 Nf6 33.
Qe5 Qc1 34. Qe7+ Kh6 35. Qxf6 Qxc2+ 36. Kf1 Qb1+ 37. Kf2 Qxa2+ 38. Kg3 Qd2 39.
Qf4+ Qxf4+ 40. Kxf4 g5+ 41. Ke4 Kg6 42. Kxd4 Kf6 43. Kd5 h6 44. Ke4 Ke6 45. g4
h5 46. gxh5 Kf6 47. Bg4 Kg7 48. Kf5 Kh8 49. Kg6 Kg8 50. h6 Kh8 51. Bf5 Kg8
1/2-1/2

[Event "12. Süder Sommerpokal"]
[Site "Recklinghausen"]
[Date "2001.08.06"]
[Round "3"]
[White "Wagner, Ralf"]
[Black "Meyer, Jürgen"]
[Result "0-1"]
[WhiteElo "2089"]
[BlackElo "1801"]
[PlyCount "114"]
[EventDate "2001.??.??"]

1. e4 e6 2. d4 d5 3. Nd2 b6 4. Bd3 Bb7 5. e5 c5 6. c3 cxd4 7. cxd4 Nc6 8. Ne2
f5 9. Nf3 Be7 10. Nf4 Qd7 11. a3 Nh6 12. Nh5 O-O-O 13. Bxh6 gxh6 14. h4 Rhg8
15. Nf4 Na5 16. Qe2 Kb8 17. Rc1 Rc8 18. O-O Nc4 19. Rc2 Rg4 20. g3 Rcg8 21. Kh2
Bd8 22. Rfc1 Qf7 23. Rg1 Be7 24. Qf1 R8g7 25. Qh3 Qg8 26. Nh5 R7g6 27. Nf4 Rg7
28. Be2 a6 29. Nh5 R7g6 30. Nf4 Rg7 31. Rgc1 Bd8 32. Nh5 Rc7 33. Rd1 Qe8 34.
Nf4 Rcg7 35. Ng2 Re4 36. Nf4 Qa4 37. Bd3 Nxb2 38. Rdc1 Nxd3 39. Nxd3 Rc7 40.
Rxc7 Bxc7 41. Qf1 Qb3 42. Nd2 Qxa3 43. Nxe4 dxe4 44. Nf4 b5 45. Nxe6 Bb6 46.
Nc5 e3 47. Nxb7 Kxb7 48. Qg2+ Ka7 49. Qc6 Qe7 50. fxe3 b4 51. Qf6 Qb7 52. Qxf5
a5 53. e6 b3 54. Qf7 Bd8 55. Rc8 b2 56. Rxd8 b1=Q 57. Rd7 Q1h1# 0-1

[Event "12. Süder Sommerpokal"]
[Site "Recklinghausen"]
[Date "2001.08.06"]
[Round "3"]
[White "Große-Frintrop, Gerd"]
[Black "Matrisch, Gerd"]
[Result "1-0"]
[WhiteElo "2084"]
[BlackElo "1799"]
[PlyCount "55"]
[EventDate "2001.??.??"]

1. d4 d5 2. c4 c6 3. Nf3 Bf5 4. Nc3 e6 5. Qb3 Qb6 6. c5 Qxb3 7. axb3 Nd7 8. Bf4
Ngf6 9. h3 Be7 10. b4 Ne4 11. e3 Nxc3 12. bxc3 O-O 13. Nd2 f6 14. Be2 e5 15.
Bh2 a6 16. O-O Bd8 17. b5 cxb5 18. Bxb5 Bc7 19. Ba4 b5 20. Bb3 Bd3 21. Bxd5+
Kh8 22. Bxa8 Bxf1 23. Rxa6 Bd3 24. Ra7 Rc8 25. Bb7 Rb8 26. Bc6 b4 27. cxb4 Rxb4
28. Rxc7 1-0

[Event "12. Süder Sommerpokal"]
[Site "Recklinghausen"]
[Date "2001.08.06"]
[Round "3"]
[White "Lauche, Christoph"]
[Black "Hänisch, Jens"]
[Result "0-1"]
[WhiteElo "1785"]
[BlackElo "2057"]
[PlyCount "100"]
[EventDate "2001.??.??"]

1. c4 e6 2. e4 c6 3. Nc3 d5 4. cxd5 exd5 5. Qf3 d4 6. Bc4 Qf6 7. Nce2 c5 8. e5
Qxf3 9. Nxf3 Nc6 10. h3 Bf5 11. O-O Nge7 12. Re1 h6 13. Nf4 Nb4 14. Bb3 Ng6 15.
Nd5 Nxd5 16. Bxd5 Rb8 17. a4 Nf4 18. Be4 Bxe4 19. Rxe4 g5 20. g3 Ne6 21. d3 Be7
22. Nd2 h5 23. Nc4 Kd7 24. Bd2 Rhg8 25. Kh2 Rbf8 26. Rf1 Rg6 27. Re2 g4 28. h4
Rfg8 29. Rb1 Kc7 30. Be1 Ng7 31. b4 b6 32. Rc2 Nf5 33. bxc5 Bxc5 34. a5 Rc6 35.
Ra1 b5 36. Nd2 Be7 37. Rxc6+ Kxc6 38. Rc1+ Kb7 39. Ne4 Rc8 40. Rxc8 Kxc8 41.
Bd2 b4 42. Ng5 b3 43. Bc1 Bxg5 44. hxg5 Kd7 45. Kg2 Ke6 46. f4 Ne3+ 47. Kf2 b2
48. Bxb2 Nd1+ 49. Ke2 Nxb2 50. Kd2 Na4 0-1

[Event "12. Süder Sommerpokal"]
[Site "Recklinghausen"]
[Date "2001.08.06"]
[Round "3"]
[White "Kotlar, Alfred"]
[Black "Bömelburg, Jürgen"]
[Result "1-0"]
[WhiteElo "2057"]
[BlackElo "1778"]
[PlyCount "57"]
[EventDate "2001.??.??"]

1. d4 Nf6 2. Nf3 e6 3. Bf4 b6 4. Nbd2 Bb7 5. e3 Be7 6. Bd3 d5 7. Rc1 Nbd7 8. c3
Ne4 9. Bb1 f5 10. Ne5 Nxe5 11. Bxe5 Nf6 12. Nf3 Qd7 13. h3 O-O 14. a3 c5 15. g4
Ne4 16. Rg1 Bf6 17. gxf5 exf5 18. Bxf6 Rxf6 19. Ne5 Qb5 20. Rc2 f4 21. f3 Ng3
22. exf4 Nf5 23. Rcg2 g6 24. Bxf5 Rxf5 25. Qc2 Kf8 26. Rxg6 hxg6 27. Nxg6+ Ke8
28. Qxf5 Qxb2 29. Qe6+ 1-0

[Event "12. Süder Sommerpokal"]
[Site "Recklinghausen"]
[Date "2001.08.06"]
[Round "3"]
[White "Hebestreit, Andreas"]
[Black "Stoven, Gilles-Noel"]
[Result "0-1"]
[WhiteElo "1776"]
[BlackElo "2051"]
[PlyCount "70"]
[EventDate "2001.??.??"]

1. d4 Nf6 2. c4 c5 3. d5 b5 4. cxb5 a6 5. b6 e6 6. Nc3 exd5 7. Nxd5 Nxd5 8.
Qxd5 Nc6 9. Nf3 Bb7 10. Bd2 Qxb6 11. O-O-O d6 12. Ng5 Ne5 13. Qb3 Qxb3 14. axb3
Be7 15. f3 Bd5 16. e4 Bxb3 17. Re1 O-O 18. f4 Nc4 19. Bc3 h6 20. Nf3 a5 21. Bd3
a4 22. Nd2 Nxd2 23. Kxd2 Rfd8 24. Kc1 Ra7 25. Bb5 Rb8 26. Bc6 a3 27. bxa3 Rxa3
28. Kd2 Ra2+ 29. Ke3 Bc4 30. Ra1 Re2+ 31. Kf3 Rb3 32. Rhc1 Bf6 33. Ra8+ Kh7 34.
Bd5 Bxd5 35. Kxe2 Bxa8 0-1

[Event "12. Süder Sommerpokal"]
[Site "Recklinghausen"]
[Date "2001.08.06"]
[Round "3"]
[White "Siepmann, Martin"]
[Black "Bergmann, Josef"]
[Result "1-0"]
[WhiteElo "2048"]
[BlackElo "1774"]
[PlyCount "97"]
[EventDate "2001.??.??"]

1. Nf3 f5 2. c4 Nf6 3. g3 e6 4. Bg2 d5 5. O-O c6 6. Nc3 Bd6 7. d3 O-O 8. e4 d4
9. Nxd4 Bxg3 10. hxg3 Qxd4 11. Be3 Qd8 12. e5 Ng4 13. Bc5 Rf7 14. Qe2 Nd7 15.
Bd6 Qg5 16. f4 Qh6 17. Bf3 Qh3 18. Qg2 Qxg2+ 19. Bxg2 g5 20. Rae1 gxf4 21. Rxf4
Nf8 22. Bxf8 Kxf8 23. b4 Bd7 24. a4 Ke7 25. d4 Rg8 26. b5 Rfg7 27. Rf3 h5 28.
d5 Nh6 29. Ree3 h4 30. d6+ Kd8 31. a5 Rg4 32. Rf4 hxg3 33. Rxg4 Rxg4 34. a6 Bc8
35. axb7 Bxb7 36. bxc6 Bxc6 37. Bxc6 Rxc4 38. Bd5 exd5 39. e6 Rc8 40. Nxd5 f4
41. Nf6 Rc1+ 42. Kg2 f3+ 43. Kxf3 Rf1+ 44. Kg2 Rf2+ 45. Kxg3 Nf5+ 46. Kxf2 Nxd6
47. e7+ Kc7 48. e8=Q Nxe8 49. Nxe8+ 1-0

[Event "12. Süder Sommerpokal"]
[Site "Recklinghausen"]
[Date "2001.08.06"]
[Round "3"]
[White "Hellbing, Bernd"]
[Black "Niebius, Norbert"]
[Result "0-1"]
[WhiteElo "1756"]
[BlackElo "2028"]
[PlyCount "70"]
[EventDate "2001.??.??"]

1. c4 e5 2. g3 Nc6 3. Bg2 g6 4. Nc3 d6 5. e4 Nd4 6. Nge2 Bg4 7. h3 Nf3+ 8. Kf1
Bh5 9. g4 Nh4 10. d3 f5 11. gxh5 f4 12. f3 Nf6 13. Nd5 Nxh5 14. Rg1 c6 15. Qa4
b5 16. cxb5 cxd5 17. exd5 Qd7 18. Bd2 Rb8 19. Nc3 Nf5 20. Qb4 Nd4 21. Rc1 Ng3+
22. Ke1 Be7 23. Bxf4 Ngf5 24. Bd2 O-O 25. a4 Nh4 26. Kd1 Qf5 27. Ne4 Nxg2 28.
Rf1 Qxh3 29. Rf2 Qh1+ 30. Be1 Bh4 31. Qd2 Rxf3 32. Rxg2 Bxe1 33. Rh2 Qf1 34.
Qxe1 Rxd3+ 35. Rd2 Qf3+ 0-1

[Event "12. Süder Sommerpokal"]
[Site "Recklinghausen"]
[Date "2001.08.06"]
[Round "3"]
[White "Leveikina, Jevgenija"]
[Black "Becker, Peter"]
[Result "1/2-1/2"]
[WhiteElo "2021"]
[BlackElo "1730"]
[PlyCount "120"]
[EventDate "2001.??.??"]

1. d4 d5 2. c4 e6 3. Nf3 Nf6 4. Bg5 Nbd7 5. e3 Be7 6. Nc3 O-O 7. Qc2 h6 8. Bh4
Re8 9. Bd3 dxc4 10. Bxc4 a6 11. O-O b5 12. Bd3 Bb7 13. e4 c5 14. Rad1 cxd4 15.
Nxd4 Qb6 16. Nf3 Rac8 17. Qe2 e5 18. Bxf6 Nxf6 19. Nxe5 Bd6 20. Ng4 Bb8 21.
Nxf6+ Qxf6 22. Qg4 Be5 23. Nd5 Qe6 24. Qxe6 fxe6 25. Nc3 Bxc3 26. bxc3 Rxc3 27.
e5 Bd5 28. a4 Bb3 29. Bg6 Bxd1 30. Bxe8 Bxa4 31. f4 Bb3 32. Ra1 Ba4 33. Bd7 Kf7
34. f5 exf5 35. Bxf5 g6 36. Bd7 Ke7 37. e6 Rd3 38. Ra2 Rd6 39. Rb2 Bd1 40. Rf2
Bg4 41. Rf7+ Kd8 42. Rf8+ Kc7 43. Re8 b4 44. h3 Bf5 45. g4 b3 46. Rc8+ Kb7 47.
Rc3 Bxe6 48. Bxe6 b2 49. Rb3+ Rb6 50. Rxb6+ Kxb6 51. Ba2 Kc5 52. Bb1 g5 53. Kf2
Kd4 54. Ke2 Kc3 55. Kd1 a5 56. Ke2 a4 57. Kd1 a3 58. Ba2 Kd3 59. Bb1+ Kc3 60.
Ba2 Kd3 1/2-1/2

[Event "12. Süder Sommerpokal"]
[Site "Recklinghausen"]
[Date "2001.08.06"]
[Round "3"]
[White "Grofig, Patrick"]
[Black "Iounoussov, Maksim"]
[Result "0-1"]
[WhiteElo "1719"]
[BlackElo "2007"]
[PlyCount "88"]
[EventDate "2001.??.??"]

1. d4 d5 2. c4 Nc6 3. Nc3 dxc4 4. e3 e5 5. d5 Nce7 6. Bxc4 Ng6 7. Nf3 Nf6 8.
Qb3 Bd6 9. Bd2 a6 10. e4 O-O 11. h4 Nh5 12. O-O-O b5 13. Be2 Ngf4 14. g4 Nxe2+
15. Nxe2 Bxg4 16. Rdg1 f5 17. exf5 Bxf5 18. Qe3 Qf6 19. Ng3 Bg6 20. Nxh5 Bxh5
21. Ng5 Qxf2 22. Ne6 Qxe3 23. Rxg7+ Kh8 24. Bxe3 Rg8 25. Bh6 Rxg7 26. Bxg7+ Kg8
27. Rg1 Kf7 28. Bh6 Rg8 29. Rf1+ Ke7 30. Nf8 Rg4 31. Bg5+ Ke8 32. Nxh7 Rc4+ 33.
Kd2 Bb4+ 34. Ke3 Bc5+ 35. Kd2 Rd4+ 36. Kc3 Rc4+ 37. Kd2 Bb4+ 38. Ke3 Bc5+ 39.
Kd2 Rd4+ 40. Kc3 b4+ 41. Kb3 Bd1+ 42. Rxd1 Rxd1 43. Kc4 Be7 44. Nf6+ Kf7 0-1

[Event "12. Süder Sommerpokal"]
[Site "Recklinghausen"]
[Date "2001.08.06"]
[Round "3"]
[White "van Winsen, Joost"]
[Black "Thimm, Gerd"]
[Result "1-0"]
[WhiteElo "1800"]
[BlackElo "1634"]
[PlyCount "91"]
[EventDate "2001.??.??"]

1. c4 e6 2. e4 e5 3. Nc3 Nc6 4. g3 Nf6 5. Bg2 d6 6. Nge2 g6 7. O-O Bg7 8. d3
O-O 9. f4 Bg4 10. h3 Bxe2 11. Nxe2 Nd7 12. f5 Nd4 13. g4 Qh4 14. Be3 Nxe2+ 15.
Qxe2 Bf6 16. Qd2 g5 17. Rf3 Qh6 18. Kf2 Qg7 19. h4 h6 20. Rh1 Rfd8 21. hxg5
Bxg5 22. Bxg5 Qxg5 23. Qxg5+ hxg5 24. f6 Nf8 25. Rfh3 Ng6 26. Rh5 a5 27. Rxg5
Ra6 28. Rgh5 Rb6 29. b3 c5 30. Rh7 a4 31. Rg7+ Kf8 32. Rhh7 Rd7 33. Rxg6 fxg6
34. Rxd7 axb3 35. axb3 g5 36. Rg7 Rxb3 37. Ke3 Rb2 38. Bf3 Rb3 39. Rxg5 b5 40.
cxb5 c4 41. Bd1 Rxd3+ 42. Ke2 Rd4 43. b6 c3 44. b7 Rxe4+ 45. Kd3 Rb4 46. Rg7
1-0

[Event "12. Süder Sommerpokal"]
[Site "Recklinghausen"]
[Date "2001.08.06"]
[Round "3"]
[White "Fahnenschmidt, Willi"]
[Black "Diebig, Maja"]
[Result "1-0"]
[WhiteElo "2130"]
[BlackElo "1612"]
[PlyCount "55"]
[EventDate "2001.??.??"]

1. e4 c5 2. Nc3 Nc6 3. f4 d6 4. Nf3 g6 5. g3 Bg7 6. Bg2 e6 7. O-O Nge7 8. d3
O-O 9. Be3 a6 10. Qd2 Rb8 11. d4 cxd4 12. Nxd4 b5 13. Rad1 b4 14. Nce2 Nxd4 15.
Nxd4 e5 16. Ne2 exf4 17. Bxf4 Bxb2 18. Bxd6 Qb6+ 19. Kh1 Rb7 20. e5 Rd8 21. Qg5
Nc6 22. Bd5 Re8 23. Nf4 Be6 24. Bxe6 fxe6 25. Nh5 Nxe5 26. Nf6+ Kh8 27. Bxe5
Qc6+ 28. Ne4+ 1-0

[Event "12. Süder Sommerpokal"]
[Site "Recklinghausen"]
[Date "2001.08.06"]
[Round "3"]
[White "Denig, Friedrich"]
[Black "Weißkopf, Lutz"]
[Result "1-0"]
[WhiteElo "1664"]
[BlackElo "2042"]
[PlyCount "125"]
[EventDate "2001.??.??"]

1. d4 Nf6 2. Nf3 g6 3. c4 Bg7 4. Nc3 O-O 5. e4 d6 6. Be2 e5 7. d5 Nbd7 8. Bg5
h6 9. Bh4 a5 10. Qc2 Nc5 11. b3 Bd7 12. a3 b6 13. Nd2 Qc8 14. h3 Kh8 15. g4 Ng8
16. f3 f5 17. O-O-O f4 18. Bf2 Na6 19. Nb5 Qb8 20. Nb1 Ne7 21. N1c3 Nc8 22. Kb2
Rf7 23. h4 Bf8 24. Bf1 Na7 25. g5 h5 26. Bh3 Qe8 27. Bxd7 Qxd7 28. Qd3 Nc8 29.
Qf1 Nb8 30. Qh3 Qe8 31. Qe6 Re7 32. Qh3 Na6 33. Rd2 Rb8 34. Rhd1 Qf7 35. Bg1
Re8 36. Bf2 Rb7 37. Bg1 Nb8 38. Bf2 c6 39. dxc6 Nxc6 40. Nd5 Rd8 41. Rd3 N6e7
42. Nxe7 Bxe7 43. a4 Rdd7 44. Rd5 Bf8 45. Ka2 Kg7 46. c5 bxc5 47. Bxc5 Nb6 48.
Bxb6 Rxb6 49. Rc1 Rb8 50. Qxd7 Qxd7 51. Rc7 Rb7 52. Rxd7+ Rxd7 53. b4 axb4 54.
a5 Rd8 55. a6 Ra8 56. Nc7 Ra7 57. Rb5 d5 58. Rb7 dxe4 59. fxe4 f3 60. Ne8+ Kh8
61. Rxa7 f2 62. Rf7 Bc5 63. Nf6 1-0

[Event "12. Süder Sommerpokal"]
[Site "Recklinghausen"]
[Date "2001.08.06"]
[Round "3"]
[White "Fuhrmann, Marc Andre"]
[Black "Nebel, Jens"]
[Result "0-1"]
[WhiteElo "1616"]
[BlackElo "2022"]
[PlyCount "118"]
[EventDate "2001.??.??"]

1. d4 e6 2. c4 f5 3. Nc3 Nf6 4. g3 Be7 5. Bg2 O-O 6. Nh3 d6 7. O-O Qe8 8. b3
Nbd7 9. Nf4 Bd8 10. d5 Nc5 11. dxe6 Nxe6 12. Nxe6 Qxe6 13. Bd5 Nxd5 14. Qxd5
Bf6 15. Bb2 f4 16. Qxe6+ Bxe6 17. gxf4 Bxc3 18. Bxc3 Rxf4 19. f3 Bh3 20. Rfe1
Re8 21. Kf2 Bd7 22. Rg1 g6 23. Rad1 Bc6 24. Rd4 Rf5 25. Rdg4 Ref8 26. Rg5 Rxf3+
27. exf3 Rxf3+ 28. Ke2 Rxc3 29. h4 Rc2+ 30. Ke3 Rxa2 31. h5 Be8 32. hxg6 Bxg6
33. Kd4 Rd2+ 34. Kc3 Rf2 35. R5g2 Rf3+ 36. Kb2 Kf7 37. Re1 Kf8 38. Rge2 Rf7 39.
Re8+ Kg7 40. R1e7 Rxe7 41. Rxe7+ Kf6 42. Rxc7 Be4 43. Kc3 h5 44. Kd4 Bc6 45.
Rh7 Kg5 46. b4 Kg4 47. Ke3 h4 48. b5 Bg2 49. Rg7+ Kh3 50. Rg6 Bf1 51. Kd4 Kh2
52. Rxd6 h3 53. Kc5 Kg1 54. Kb4 h2 55. Rh6 Bg2 56. Ka5 h1=Q 57. Rxh1+ Bxh1 58.
c5 Kf2 59. c6 Bxc6 0-1

[Event "12. Süder Sommerpokal"]
[Site "Recklinghausen"]
[Date "2001.08.06"]
[Round "3"]
[White "Baumann, Ralf-Rüdiger"]
[Black "Ackermann, Frank"]
[Result "1/2-1/2"]
[WhiteElo "1460"]
[BlackElo "1961"]
[PlyCount "63"]
[EventDate "2001.??.??"]

1. e4 c5 2. Nf3 Nc6 3. d3 g6 4. g3 Bg7 5. Bg2 e6 6. O-O Nge7 7. Re1 d6 8. Nbd2
O-O 9. Nf1 Qc7 10. Qe2 Bd7 11. c3 Rab8 12. h4 h6 13. N1h2 Kh7 14. Qe3 f5 15. h5
g5 16. Nxg5+ hxg5 17. exf5 exf5 18. Bxc6 Nxc6 19. Qxg5 Rf6 20. Nf3 Ne5 21. Nxe5
dxe5 22. d4 cxd4 23. cxd4 Re8 24. dxe5 Rxe5 25. Bf4 Rxe1+ 26. Rxe1 Qc5 27. Be5
Qb4 28. Rd1 Qe7 29. Bxf6 Bxf6 30. Qg6+ Kh8 31. Qh6+ Kg8 32. Qg6+ 1/2-1/2

[Event "12. Süder Sommerpokal"]
[Site "Recklinghausen"]
[Date "2001.08.06"]
[Round "3"]
[White "Litwak, Aleksej"]
[Black "Kuznesov, Mark"]
[Result "1-0"]
[WhiteElo "1955"]
[BlackElo "1112"]
[PlyCount "51"]
[EventDate "2001.??.??"]

1. e4 e5 2. Nf3 Nc6 3. Bb5 Nf6 4. O-O Bc5 5. Bxc6 bxc6 6. Nxe5 O-O 7. d4 Bb6 8.
a4 a5 9. Bg5 d6 10. Nxc6 Qd7 11. Bxf6 gxf6 12. d5 f5 13. Qh5 fxe4 14. Qg5+ Kh8
15. Qf6+ Kg8 16. Ra3 e3 17. Ne7+ Qxe7 18. Qxe7 Ba6 19. Qg5+ Kh8 20. Qf6+ Kg8
21. fxe3 Bxf1 22. Kxf1 Rfe8 23. e4 Rxe4 24. Rg3+ Kf8 25. Qh8+ Ke7 26. Qxa8 1-0

[Event "12. Süder Sommerpokal"]
[Site "Recklinghausen"]
[Date "2001.08.06"]
[Round "3"]
[White "Servaty, Rudolf"]
[Black "König, Daniela"]
[Result "1/2-1/2"]
[WhiteElo "2255"]
[BlackElo "1492"]
[PlyCount "81"]
[EventDate "2001.??.??"]

1. d4 Nf6 2. c4 e6 3. Nf3 c5 4. d5 exd5 5. cxd5 d6 6. Nc3 g6 7. e4 Bg7 8. Be2
O-O 9. O-O Re8 10. Nd2 Nbd7 11. f3 a6 12. a4 b6 13. Nc4 Ne5 14. Nxe5 Rxe5 15.
Bf4 Re8 16. g4 Nd7 17. Bxd6 Ne5 18. Bxe5 Bxe5 19. Kg2 Qh4 20. Rh1 h5 21. Qe1
Qg5 22. h3 h4 23. Qc1 Bf4 24. Qd1 Bg3 25. Bd3 Bb7 26. Ne2 Bd6 27. Qc1 Qe5 28.
f4 Qg7 29. Rf1 f6 30. Nc3 Rf8 31. Qc2 g5 32. f5 Qe7 33. Rf3 Qe5 34. Kg1 Bc8 35.
Bf1 Bd7 36. Nd1 b5 37. axb5 axb5 38. Rfa3 Rxa3 39. Rxa3 Re8 40. Bg2 b4 41. Ra5
1/2-1/2

[Event "12. Süder Sommerpokal"]
[Site "Recklinghausen"]
[Date "2001.08.06"]
[Round "3"]
[White "Samisch, Romuald"]
[Black "Günnewig, Hans-Norbert"]
[Result "1-0"]
[WhiteElo "1677"]
[BlackElo "2037"]
[PlyCount "111"]
[EventDate "2001.??.??"]

1. Nf3 Nf6 2. g3 g6 3. Bg2 Bg7 4. c4 O-O 5. Nc3 d6 6. Rb1 e5 7. d3 c6 8. O-O
Nbd7 9. b4 Nh5 10. b5 c5 11. Ng5 h6 12. Nge4 Nb6 13. Bb2 f5 14. Nd2 Nd7 15. e3
f4 16. exf4 exf4 17. Nd5 Ne5 18. Ne4 f3 19. Bh1 Bg4 20. Re1 Qd7 21. Re3 Rf7 22.
Bxe5 Bxe5 23. Bxf3 Bxf3 24. Rxf3 Raf8 25. Rxf7 Rxf7 26. Qe2 Qh3 27. Nxc5 Rxf2
28. Qxf2 dxc5 29. Qg2 Qg4 30. Qe4 Qg5 31. Rf1 Ng7 32. Nf4 Kh7 33. Kh1 Qf6 34.
Kg2 Qd6 35. Nd5 Nf5 36. Ne3 Ng7 37. Qd5 Qe7 38. Rf7 Qg5 39. Qf3 Bd4 40. Nd5
Qd2+ 41. Kh3 h5 42. Nf6+ Kh6 43. Qf4+ Qxf4 44. gxf4 g5 45. fxg5+ Kg6 46. Rxb7
Ne6 47. Ne4 Nf4+ 48. Kg3 Nxd3 49. Rxa7 Kf5 50. Nd2 Kxg5 51. Nf3+ Kf5 52. Nxd4+
cxd4 53. b6 Ne5 54. Ra5 d3 55. Kf2 Ke4 56. Rxe5+ 1-0

[Event "12. Süder Sommerpokal"]
[Site "Recklinghausen"]
[Date "2001.08.06"]
[Round "3"]
[White "Reinhold, Klaus"]
[Black "Ünlü, Murat"]
[Result "1-0"]
[WhiteElo "1931"]
[BlackElo "1672"]
[PlyCount "71"]
[EventDate "2001.??.??"]

1. d4 c5 2. d5 Nf6 3. c4 e6 4. Nc3 exd5 5. cxd5 d6 6. e4 g6 7. Bd3 Bg7 8. Nge2
O-O 9. O-O a6 10. a4 Nbd7 11. f4 b6 12. Ng3 Qc7 13. Bc4 Bb7 14. Be3 Rae8 15.
Qf3 Re7 16. Rad1 Rfe8 17. h3 Rb8 18. Qf2 Nxe4 19. Ngxe4 Rbe8 20. Rfe1 Rxe4 21.
Nxe4 Rxe4 22. Qc2 Rxe3 23. Rxe3 Bd4 24. Rxd4 cxd4 25. Re8+ Kg7 26. Qd3 Qc5 27.
Re7 b5 28. axb5 axb5 29. Bb3 Qc1+ 30. Bd1 Qxb2 31. Rxd7 Bxd5 32. Bf3 Bc4 33.
Qe4 d5 34. Qe5+ Kh6 35. Rxf7 Qc1+ 36. Kh2 1-0

[Event "12. Süder Sommerpokal"]
[Site "Recklinghausen"]
[Date "2001.08.06"]
[Round "3"]
[White "Barskij, Aleksandr"]
[Black "Schreck, Peter"]
[Result "1/2-1/2"]
[WhiteElo "1859"]
[BlackElo "1621"]
[PlyCount "24"]
[EventDate "2001.??.??"]

1. e4 d5 2. exd5 Nf6 3. d4 Bg4 4. f3 Bf5 5. Ne2 Nxd5 6. Ng3 Bg6 7. a3 Nc6 8. c4
Nb6 9. Be3 e6 10. Nc3 Be7 11. b4 Bf6 12. Nge2 Nxc4 1/2-1/2

[Event "12. Süder Sommerpokal"]
[Site "Recklinghausen"]
[Date "2001.08.06"]
[Round "3"]
[White "Lüder, Thomas"]
[Black "Sprewitz, Ingo"]
[Result "1-0"]
[WhiteElo "1836"]
[BlackElo "1562"]
[PlyCount "111"]
[EventDate "2001.??.??"]

1. e4 e5 2. Bc4 Nf6 3. Qe2 Nc6 4. Nf3 Be7 5. O-O O-O 6. c3 d6 7. d4 Bg4 8. Rd1
Qc8 9. d5 Na5 10. Bd3 b6 11. Nbd2 Nh5 12. Nf1 Nf4 13. Bxf4 exf4 14. h3 Bh5 15.
N1h2 Bf6 16. Qc2 Be5 17. Rd2 Qe8 18. Rc1 Nb7 19. b4 Qe7 20. Ba6 Nd8 21. Qd3 Qf6
22. Rdc2 Re8 23. Nf1 Qh6 24. N1d2 Bxf3 25. Qxf3 f6 26. Nc4 Nf7 27. Qg4 Re7 28.
Na3 Ng5 29. h4 f3 30. g3 Nf7 31. Qxf3 Qg6 32. Bb5 a6 33. Bc6 Rf8 34. Nc4 Nh6
35. Qg2 Rb8 36. f4 Qh5 37. fxe5 fxe5 38. Rf1 Ng4 39. Qf3 Qg6 40. Ne3 Nxe3 41.
Qxe3 Rf7 42. Rxf7 Qxf7 43. Rf2 Qe7 44. Qf3 a5 45. Qf5 Qd8 46. Bd7 axb4 47. cxb4
Ra8 48. a4 g6 49. Qf7+ Kh8 50. Qf6+ Qxf6 51. Rxf6 Kg7 52. Rf3 Kh6 53. g4 Rd8
54. Rf7 Ra8 55. Kg2 Ra7 56. Kg3 1-0

[Event "12. Süder Sommerpokal"]
[Site "Recklinghausen"]
[Date "2001.08.06"]
[Round "3"]
[White "Verfürth, Christian"]
[Black "Lange, Hans-Werner"]
[Result "1-0"]
[WhiteElo "1807"]
[BlackElo "1472"]
[PlyCount "67"]
[EventDate "2001.??.??"]

1. d4 Nf6 2. Nf3 g6 3. Nc3 Bg7 4. e4 d6 5. Be3 O-O 6. Qd2 Nbd7 7. O-O-O c6 8.
Bd3 Ng4 9. Bg5 f6 10. Bh4 Bh6 11. Ng5 fxg5 12. Bg3 e5 13. Bc4+ Kg7 14. f3 Ngf6
15. dxe5 dxe5 16. Qd6 Qe8 17. Kb1 Kh8 18. h4 g4 19. fxg4 Nxg4 20. Be2 Nf2 21.
Bxf2 Rxf2 22. Bf3 Bf8 23. Qd3 Bc5 24. h5 g5 25. h6 Bd4 26. Ne2 Nc5 27. Qa3 g4
28. Nxd4 Qf8 29. Qe3 Rxf3 30. gxf3 exd4 31. Qxd4+ Kg8 32. fxg4 Be6 33. Rh5 Nd7
34. Rg5+ 1-0

[Event "12. Süder Sommerpokal"]
[Site "Recklinghausen"]
[Date "2001.08.06"]
[Round "3"]
[White "Deinert, Wolfgang"]
[Black "Wolters, Gunnar"]
[Result "0-1"]
[WhiteElo "1771"]
[BlackElo "1432"]
[PlyCount "180"]
[EventDate "2001.??.??"]

1. e4 e5 2. Nf3 Nc6 3. d4 exd4 4. Nxd4 Nf6 5. Nxc6 bxc6 6. e5 Nd5 7. c4 Nb6 8.
Bd3 Be7 9. O-O O-O 10. Qh5 g6 11. Qh6 d6 12. Nc3 dxe5 13. Rd1 Qe8 14. Ne4 Nd7
15. f4 exf4 16. Bxf4 f6 17. Bxc7 Qf7 18. b3 Re8 19. Bd6 Bf8 20. Bxf8 Qxf8 21.
Qxf8+ Rxf8 22. Nd6 Ne5 23. c5 Be6 24. b4 Rab8 25. a3 Bd5 26. Ba6 Rfd8 27. b5
Kf8 28. Rxd5 cxd5 29. Nb7 Rd7 30. c6 Rc7 31. Nc5 Ke7 32. Bb7 Kd6 33. Rc1 Nc4
34. Ne4+ Ke7 35. a4 Na5 36. Nc3 Kd6 37. Rd1 Nxb7 38. Nxd5 Rf7 39. Nxf6+ Ke6 40.
Nd7 Rd8 41. Nc5+ Nxc5 42. Rxd8 Nxa4 43. Rb8 Kd6 44. Rd8+ Kc7 45. Ra8 Kd6 46.
Rd8+ Ke6 47. Re8+ Re7 48. Rb8 Nc5 49. b6 axb6 50. Rxb6 Rc7 51. Rb8 Kd6 52. Rf8
Kxc6 53. h4 Kb7 54. g4 Nd7 55. Rf4 Kc6 56. Kg2 Kd6 57. g5 Ne5 58. Rf6+ Ke7 59.
Ra6 Kf7 60. Rf6+ Kg7 61. Re6 Nf7 62. Ra6 Rc3 63. Ra8 Rc5 64. Ra7 Rf5 65. Rb7 h6
66. gxh6+ Kxh6 67. Kg3 Kh5 68. Ra7 Nh6 69. Rh7 Rd5 70. Rh8 Rd4 71. Rh7 Rg4+ 72.
Kh3 Rxh4+ 73. Kg3 Rd4 74. Rh8 Kg5 75. Rf8 Nf5+ 76. Kg2 Rf4 77. Re8 Kg4 78. Ra8
g5 79. Ra3 Nh4+ 80. Kh2 Nf3+ 81. Kg2 Ne1+ 82. Kg1 Rf3 83. Ra4+ Kg3 84. Ra5 g4
85. Ra1 Ng2 86. Kh1 Nf4 87. Kg1 Ne2+ 88. Kh1 Rf2 89. Ra3+ Rf3 90. Ra1 Kf2 0-1

[Event "12. Süder Sommerpokal"]
[Site "Recklinghausen"]
[Date "2001.08.06"]
[Round "3"]
[White "Rausch, Peter"]
[Black "Bettendorf, Heinz"]
[Result "0-1"]
[WhiteElo "1478"]
[BlackElo "1712"]
[PlyCount "78"]
[EventDate "2001.??.??"]

1. e4 e5 2. Nf3 Nc6 3. Bb5 Nd4 4. Nxd4 exd4 5. c3 Qg5 6. Bf1 Bc5 7. d3 Qg6 8.
Bf4 Qf6 9. Bg3 d6 10. Be2 Ne7 11. O-O h5 12. Bxh5 Qg5 13. Be2 dxc3 14. Nxc3 Bd7
15. d4 Bb6 16. a4 a6 17. f4 Qh6 18. Qd3 c5 19. f5 cxd4 20. Nd5 Nxd5 21. exd5
O-O 22. Kh1 Rfe8 23. Bf4 Qf6 24. Rf3 Bxf5 25. Qd1 Bg4 26. Bg3 Bxf3 27. Bxf3 Bc5
28. Rb1 a5 29. b3 Qg6 30. Bf2 Rac8 31. Rc1 Qf6 32. Qd3 Qf4 33. Rf1 Rc7 34. Bd1
Rce7 35. Bc2 Qh6 36. Bxd4 Bxd4 37. Qxd4 Re1 38. Qf2 Rxf1+ 39. Qxf1 Qd2 0-1